00518nam a2200181Ia 450000500170000000800410001704000190005804100120007708200150008924500620010426000550016630000170022144000240023865000290026265100180029170000170030985000100032620230321104523.0131103s9999 xx 000 0 und d aLoreto College aEnglish a822.8bIBS aEleven plays of Henrik Ibsencintroduction by H.L.Mencken aUnited States of AmericabRandom Housec[19 - - ?] axiv,1185 p.  aThe Modern Library  aIbsen,Henrik,1828 - 1906 aEnglish drama aMencken,H.L. aLCLIB